| 000 | 02605nam a2200421Ii 4500 | ||
|---|---|---|---|
| 001 | 9781786359520 | ||
| 003 | UtOrBLW | ||
| 005 | 20210303085345.0 | ||
| 006 | m o d | ||
| 007 | cr un||||||||| | ||
| 008 | 170712s2005 enk ob 001 eng d | ||
| 020 |
_a9781786359520 _q(e-book) |
||
| 040 |
_aUtOrBLW _beng _erda _cUtOrBLW |
||
| 050 | 4 |
_aHD108.4 _b.I58 2005 |
|
| 072 | 7 |
_aBUS038000 _2bisacsh |
|
| 072 | 7 |
_aPVH3 _2bicssc |
|
| 080 | _a332.3 | ||
| 082 | 0 | 4 |
_a333.73 _223 |
| 245 | 0 | 0 |
_aIntegrated land-use and transportation models : _bbehavioural foundations / _cedited by Martin E. H. Lee-Gosselin, Sean T. Doherty. |
| 264 | 1 | _bEmerald Publishing Limited, | |
| 300 |
_a1 online resource (306 pages) : _billustrations |
||
| 500 | _aIncludes index. | ||
| 504 | _aIncludes bibliographical references. | ||
| 505 | 0 | _aPrelims -- A dynamic understanding of travel demand: a sketch -- Propositions for modelling household decision-making -- Operationalising household activity scheduling models: addressing assumptions and the use of new sources of behavioural data -- Conceptual perspectives for explaining spatio-temporal behaviour in urban areas -- Measuring activity and action space/time: are our methods keeping pace with evolving behaviour patterns? -- Modelling learning and adaptation in route and departure time choice behaviour: achievements and prospects -- The influence of mobile and immobile communications on activity and travel scheduling -- The creation of simulated household travel survey data based on available demographic data from households -- GIS, Objects and integrated urban models -- A distributed computing approach for transportation modelling and simulation: application to an airport system -- Design and implementation of pecas: A generalised system for allocating economic production, exchange and consumption quantities -- Hybrid choice models with logit kernel: applicability to large scale models 1 -- Index. | |
| 588 | 0 | _aPrint version record | |
| 650 | 0 |
_aLand use _xMathematical models. |
|
| 650 | 0 |
_aLand use _xSimulation methods. |
|
| 650 | 0 |
_aLand use _xPsychological aspects. |
|
| 650 | 0 |
_aTransportation _xPsychological aspects. |
|
| 650 | 7 |
_aBusiness & Economics _xLabor. _2bisacsh |
|
| 700 | 1 |
_aLee-Gosselin, Martin, _eeditor. |
|
| 700 | 1 |
_aDoherty, Sean T., _eeditor. |
|
| 776 | _z9780080446691 | ||
| 856 | 4 | 0 | _uhttps://www.emerald.com/insight/publication/doi/10.1108/9781786359520 |
| 999 |
_c31760 _d31760 |
||